Illustrated Turbo C++ (Record no. 162732)

MARC details
000 -LEADER
fixed length control field 00356nam a2200145Ia 4500
008 - FIXED-LENGTH DATA ELEMENTS--GENERAL INFORMATION
fixed length control field 231217s9999 xx 000 0 und d
041 ## - LANGUAGE CODE
Language code of text/sound track or separate title English
082 ## - DEWEY DECIMAL CLASSIFICATION NUMBER
Classification number 001.6424TURC WAN' R'
100 ## - MAIN ENTRY--PERSONAL NAME
Personal name Wang, Wally Bibb, Kenneth
245 #0 - TITLE STATEMENT
Title Illustrated Turbo C++
260 ## - PUBLICATION, DISTRIBUTION, ETC.
Date of publication, distribution, etc. 1991
Name of publisher, distributor, etc. New Delhi : BPB,
300 ## - PHYSICAL DESCRIPTION
Extent 409
650 ## - SUBJECT ADDED ENTRY--TOPICAL TERM
Topical term or geographic name entry element Turbo C++
942 ## - ADDED ENTRY ELEMENTS (KOHA)
Koha item type Books
Holdings
Date last seen Total checkouts Full call number Accession number Cost, total (INR) price Price effective from Category Lost status Damaged status Department Withdrawn status Home library Current library Entry date Cost, normal purchase price Grants Billnumber Billdate Currency symbol Conversion rate Discount Old discount Vendor
26/01/2024   001.6424TURC WAN' R' 5565 102.00 26/01/2024 Books     Central Library   Central Library Central Library 10/04/1993 120.00 CS 6259 20/10/1995 RS 1 18 15  
26/01/2024   001.6424TURC WAN 5566 102.00 26/01/2024 Books     Central Library   Central Library Central Library 10/04/1993 120.00 CS 6259 20/10/1995 RS 1 18 15 Com.Bk.Cen

© For any Suggestions or Query, please contact the library staff @ librarian@pes.edu or Phone: +9180 2672 1983/ 2108.